Normal view
MARC view
Entry Topical Term
001 - CONTROL NUMBER
- control field: 8174
003 - CONTROL NUMBER IDENTIFIER
- control field: BD-RjUL
005 - DATE AND TIME OF LATEST TRANSACTION
- control field: 20230801103649.0
008 - FIXED-LENGTH DATA ELEMENTS
- fixed length control field: 230801|| aca||aabn | a|a d
040 ## - CATALOGING SOURCE
- Original cataloging agency: BD-RjUL
- Transcribing agency: BD-RjUL
150 ## - HEADING--TOPICAL TERM
- Topical term or geographic name entry element: নারী
- Form subdivision: প্রতিরোধ
- Geographic subdivision: বাংলাদেশ
670 ## - SOURCE DATA FOUND
- Source citation: Work cat.: (BD-RjUL)81622: খাতুন, মোসা. স্বপ্না 8173, বাংলাদেশে নারী নির্যাতন রোধে বিভিন্ন প্রতিষ্ঠানের ভূমিকা :, ২০১৯